| 000 | 02740cam a2200277 a 4500 | ||
|---|---|---|---|
| 001 | 1588 | ||
| 005 | 20231124143536.0 | ||
| 020 | _a978408810033 | ||
| 040 |
_aDLC _cDLC _dBTCTA _dYDXCP _dCDX _dC#P _dBWX _dVP@ _dGK8 _dA7U _dLMR _dDLC _beng |
||
| 050 | 0 | 0 | _aHC430.F3 |
| 082 | 0 | 0 |
_a951.055 _222 |
| 100 | 1 | _aDikötter, Frank | |
| 245 | 1 | 0 |
_aMao's great famine : _bthe history of China's most devastating catastrophe, 1958-1962 / _cFrank Dikötter. |
| 250 | _aThe paperback edition published 2011 | ||
| 260 |
_aNew York : _bBloomsbury Publishing Plc _c2010 |
||
| 300 |
_a420 pages : _billustrations ,maps _c21 cm |
||
| 505 | 0 | _aZ | |
| 520 | 1 | _a""Between 1958 and 1962, China descended into hell. Mao Zedong threw his country into a frenzy with the Great Leap Forward, an attempt to catch up with and overtake Britain in less than fifteen years. The experiment ended in the greatest catastrophe the country had ever known, destroying tens of millions of lives." So opens Frank Dikotter's astonishing, riveting, magnificently detailed chronicle of an era in Chinese history much speculated about but never before fully documented because access to Communist Party archives has long been restricted to all but the most trusted historians. However, a new archive law has opened up thousands of central and provincial documents that "fundamentally change the way one can study the Maoist era."" "Dikotter makes clear, as nobody has before, that far from being the program that would lift the country among the world's superpowers and prove the power of communism, as Mao imagined, the Great Leap Forward propelled the country in the other direction. It became not only one of the most deadly mass killings in human history---at least 45 million people were worked, starved, or beaten to death---but also the greatest demolition of real estate in history, as up to one third of all housing was turned into rubble. The experiment was a catastrophe for the natural world as well, as the land was savaged in the maniacal pursuit of steel and other industrial accomplishments." "In a powerful meshing of exhaustive research in Chinese archives and narrative drive, Dikotter for the first time links up what happened in the corridors of power---the vicious backstabbing and bullying tactics that took place among party leaders---with the everyday experiences of ordinary people, giving voice to the dead and disenfranchised. His magisterial account recasts the history of the People's Republic of China."--BOOK JACKET. | |
| 521 |
_a900
_bLexile |
||
| 521 |
_aZ
_bRaz-Plus |
||
| 650 | 0 |
_aFamines _zChina. |
|
| 650 | 0 |
_aFood supply _zChina. |
|
| 906 |
_a7 _bcbc _corignew _d1 _eecip _f20 _gy-gencatlg |
||
| 936 | _aPR 673011821 | ||
| 942 |
_2ddc _cBK _n0 |
||
| 999 |
_c1588 _d1588 |
||